| 000 | 01357nam a2200349Ia 4500 | ||
|---|---|---|---|
| 001 | ebr10275892 | ||
| 003 | CaPaEBR | ||
| 006 | m u | ||
| 007 | cr cn||||||||| | ||
| 008 | 080822s2008 gw a sb 001 0 eng d | ||
| 010 | _z 2008037454 | ||
| 020 | _z3110203227 (cloth) | ||
| 020 | _z9783110203226 (cloth) | ||
| 040 |
_aCaPaEBR _cCaPaEBR |
||
| 035 | _a(OCoLC)608623410 | ||
| 050 | 1 | 4 |
_aP118.2 _b.S578 2008eb |
| 082 | 0 | 4 |
_a401/.93 _222 |
| 100 | 1 | _aSlabakova, Roumyana. | |
| 245 | 1 | 0 |
_aMeaning in the second language _h[electronic resource] / _cby Roumyana Slabakova. |
| 260 |
_aBerlin : _bMouton de Gruyter, _cc2008. |
||
| 300 |
_axi, 326 p. : _bill. |
||
| 490 | 1 |
_aStudies on language acquisition, _x1861-4248 ; _v34 |
|
| 504 | _aIncludes bibliographical references (p. [284]-321) and index. | ||
| 533 |
_aElectronic reproduction. _bPalo Alto, Calif. : _cebrary, _d2011. _nAvailable via World Wide Web. _nAccess may be limited to ebrary affiliated libraries. |
||
| 650 | 0 | _aGrammar, Comparative and general. | |
| 650 | 0 | _aSecond language acquisition. | |
| 650 | 0 | _aSemantics. | |
| 655 | 7 |
_aElectronic books. _2local |
|
| 710 | 2 | _aebrary, Inc. | |
| 830 | 0 |
_aStudies on language acquisition ; _v34. |
|
| 856 | 4 | 0 |
_uhttp://site.ebrary.com/lib/rucke/Doc?id=10275892 _zAn electronic book accessible through the World Wide Web; click to view |
| 999 |
_c20295 _d20295 |
||